|
|
|
|
| LEADER |
00916nnm a2200253 i 4500 |
| 001 |
eta5182 |
| 005 |
20210311091451.0 |
| 008 |
210311s2020 hu o 0|| hun d |
| 040 |
|
|
|a SZTE Elektronikus Tananyag Archívum
|b hun
|
| 041 |
|
|
|a hun
|
| 100 |
1 |
|
|a Török László
|
| 245 |
1 |
0 |
|a Gyakorlati kérdések és vizsgálati módszerek, valamint tesztkérdések a sportorvostan témaköréből
|h [elektronikus dokumentum] /
|c Török László
|
| 260 |
|
|
|c 2020
|
| 300 |
|
|
|a 59
|
| 516 |
|
|
|a Book
|
| 650 |
|
4 |
|a Orvos- és egészségtudomány
|
| 650 |
|
4 |
|a Egészségtudományok
|
| 650 |
|
4 |
|a Sport és fitnesztudományok
|
| 650 |
|
4 |
|a Sportegészségügy
|
| 695 |
|
|
|a sportorvostan
|
| 700 |
0 |
1 |
|a Mikulán Rita
|e aut
|
| 700 |
0 |
1 |
|a Márton János
|e aut
|
| 700 |
0 |
1 |
|a Csonka Csaba
|e aut
|
| 856 |
4 |
0 |
|u https://eta.bibl.u-szeged.hu/5182/1/gyakorlati_kerdesek_es_vizsgalati_modszerek_valamint_tesztkerdese.pdf
|z Dokumentum-elérés
|